00309nam a2200109Ia 4500008004100000041000800041082001500049100004300064245004000107260004400147300000800191231228s1998 xx 000 0 und d aeng a5.133bFRI aFRIEDMAN (Dauiel P) / WAND ( Mitchell) aEssentials of Programming Languages aLondonbHarlow, Addision Wesley -c1998 a536